=LDR 00000nam 2200000 4500 =001 INLIS000000000020477 =005 20241203021259 =035 ##$$a 0010-061300000020477 =008 241203################g##########0#ind## =041 ##$$a Ind =082 ##$$a 341.754 =090 ##$$a 341.754, Ado h =100 ##$$a Adolf, Huala =245 1#$$a Hukum perdagangan internasional /$c Huala Adolf =260 ##$$a Jakarta :$b Raja Gramedia Persada,$c 2005 =300 ##$$a xii, 228 hlm ; $c 21 x 14 cm. =650 #4$$a Hukum perdagangan internasional =850 ##$$a NBPNMAT =020 ##$$a 979-3654-55-4 =084 ##$$a 341.754 ADO h =250 ##$$a cet. 1 =520 ##$$a Bibliografi hlm. 226-227 =990 ##$$a 20606387 =990 ##$$a 20606388 =990 ##$$a 20611228 =990 ##$$a 20611229 =990 ##$$a 20611230 =990 ##$$a 20611231 =990 ##$$a 20801251 =990 ##$$a 20801252 =990 ##$$a 20801253 =990 ##$$a 20606390 =990 ##$$a 20606389 =990 ##$$a 00087907 =990 ##$$a 20801254